01492cam a22002774a 45000010009000000050017000090080041000260100017000670200018000840400018001020420008001200500023001280820019001511000015001702450130001852500012003152600062003273000034003895040053004235050491004766500037009676500045010047000055010497000027011048560083011311428324120171001020028.0060302s2006 azua b 001 0 eng  a 2006007442 a9781890871697 aDLCcDLCdDLC apcc00aGV481.2b.L69 200600a613.7/10192221 aLox, Curt.14aThe psychology of exercise :bintegrating theory and practice /cCurt L. Lox, Kathleen A. Martin Ginis, Steven J. Petruzello. a2nd ed. aScottsdale, Ariz. :bHolcomb Hathaway Publishers,cc2006. axiv, 450 p. :bill. ;c24 cm. aIncludes bibliographical references and indexes.0 aIntroduction to exercise psychology -- Physical activity epidemiology -- Theories and models of exercise behavior I -- Theories and models of exercise behavior II -- Social influence on exercise -- Physical activity interventions -- Personality and exercise -- Self-concept, self-esteem, and exercise -- Body image and exercise -- Stress and exercise -- Anxiety and exercise -- Depression and exercise -- Emotional well-being and exercise -- Health-related quality of life and exercise. 0aExercisexPsychological aspects. 0aPhysical fitnessxPsychological aspects.1 aMartin Ginis, Kathleen A.q(Kathleen Anne),d1968-1 aPetruzzello, Steven J.413Table of contents onlyuhttp://www.loc.gov/catdir/toc/ecip0610/2006007442.html